00473nam a2200181Ia 4500008004100000020001800041041000800059082001600067100001000083245005700093250001200150260003900162300000900201440001000210500004600220650001500266700001000281230125s9999 xx 000 0 und d a81-314-0394-7 aeng a658.84bICF aICFAI aSupply Chain Management : Technology and Experiences a1st Ed. c2006bICFAI publicationaHyderabad a232p aICFAI aSupply Chain Management;ICFAI Series Book aManagement aICFAI